|
|
|
|
| LEADER |
00000nam a22000007a 4500 |
| 005 |
20110923135626.0 |
| 008 |
110923s2009 po |||||s|||| 00| 0 por d |
| 020 |
|
|
|a 978-972-749-204-6
|
| 035 |
|
|
|a 4837
|
| 040 |
|
|
|a vLex
|
| 090 |
|
|
|c 2562
|d 2562
|
| 100 |
1 |
|
|a Martins Leitô, Helder
|
| 245 |
1 |
0 |
|a Direito do Contribuinte ̉Informaȯ̂ e ̉Audiȯ̂ Prv̌ia
|h [Recurso electrn̤ico] /
|c Helder Martins Leitô
|
| 256 |
|
|
|a Servicio en ln̕ea.
|
| 260 |
|
|
|a Lisboa :
|b Ecla editora,
|c 2009.
|
| 300 |
|
|
|a 1 recurso electrn̤ico
|
| 506 |
1 |
|
|a Contenido solo disponible en los productos indicados
|d vLex Global
|d vLex Global (Academic Edition, excluding Law Schools)
|d vLex Global (U.S. Academic Edition, Law Schools)
|d vLex Global (U.S. Academic Edition, excluding Law Schools)
|d vLex Global (Academic Edition, Law Schools)
|
| 650 |
0 |
4 |
|a Derecho tributario
|z Portugal
|
| 740 |
0 |
|
|a vLex Libros (Servicio en ln̕ea)
|
| 856 |
4 |
0 |
|u http://vlex.com/source/direito-contribuinte-informacao-audicao-previa-4837
|z Acceso restringido
|
| 942 |
|
|
|c BOOK
|